000 00600nam a22001937a 4500
005 20250401161501.0
010 _aENG-144386
020 _a9788119626755
_c499.00
035 _aEN-127918
037 _bDBAD
082 _a725.180954
_21
100 _aRooprai, Vikramjit Singh
_980063
245 _aDelhi Heritage Top 10 Forts/
_cBy Vikramjit Singh Rooprai
250 _a1
260 _aNew Delhi
_bNiyogi Books
_c2024
270 _aBlock D, Building No. 77, Okhla Industrial Area, Phase-I
_bNew Delhi
_e110020
300 _a216p.
_c18cm(hb)
942 _2ddc
_cEN
_h725.180954
_mROO
999 _c210620
_d210620